00629 2200205 4500001002100000005001500021035002000036007000300056008004100059020002200100082001600122084002200138100003400160245005200194250002000246260006200266300003200328650003700360650002600397INLIS00000000000011420250710124346 a0010-0725000114ta250710 a 0 ind  a978-623-472-003-7 a398.209 598 a398.209 598 ALL k0 aAll Children Reading Cambodia1 aKue Yang Besar /cAll Children Reading Cambodia aCetakan Pertama aJakarta :bBadan Pengembangan dan Pembinaan Bahasa,c2022 a20 hlm. :bilus. ;c22,9 cm 4aCERITA ANAK INDONESIA-TERJEMAHAN 4aLITERASI-BAHAN BACAAN